000 01454nam a2200253Ia 4500
999 _c52130
_d52130
001 19137
003 GE_BSU
005 20220920101521.0
008 181216s2012||||ge |||||||||||||| ||geo||
040 _cGE_BSU
041 _ageo
080 _a82 ს-53
100 _aსირაძე, თამარ
_911663
245 _aეპიფანია ტომას სტერნზ ელიოტის პოეზიაში : დისერტაცია /
_cთამარ სირაძე; სამეცნიერო ხელმძღვანელი მ. ებანოიძე, მ. გიორგაძე; ბათუმის შოთა რუსთაველის სახ-ფო უნ-ტი.
264 _aბათუმი,
_c2012.
300 _a123 გვ. ;
_b30 სმ.
653 _aდისერტაცია
653 _aეპიფანია ტომას სტერნზ ელიოტის პოეზიაში.
653 _aლიტმცოდნეობა
700 _aებანოიძე, მ.
_eსამეცნიერო ხელმძღვანელი
_911664
700 _aგიორგაძე, მ.
_eსამეცნიერო ხელმძღვანელი
_94082
710 _aთბილისის სახელმწიფო სამედიცინო უნივერსიტეტი
_911665
942 _cBK
_2udc